| 000 | 00808nam a22002177a 4500 | ||
|---|---|---|---|
| 003 | MX-MxUPN | ||
| 005 | 20250821142523.0 | ||
| 008 | 250812s1996 mx ||||fr|||| 000 0 spa d | ||
| 040 |
_aUPN _bspa _cUPN |
||
| 041 | 0 | _aspa | |
| 050 | 1 | 4 |
_aHF3211 _bL3 1996 |
| 110 | 2 |
_aNaciones Unidas. _bComisión Económica para América Latina y el Caribe _929705 |
|
| 245 | 1 | 3 |
_aLa integración hemisférica : _bel grado de preparación en el Istmo centroamericano y la República Dominicana |
| 260 |
_aMéxico : _bCEPAL, _c1996. |
||
| 300 | _a205 páginas | ||
| 650 | 4 |
_aIntegración económica internacional _zAmérica Latina _957449 |
|
| 650 | 4 |
_aRelaciones económicas internacionales _98185 |
|
| 651 | 4 |
_aAmérica Latina _xPolítica económica _93988 |
|
| 902 | _aBerenice Martínez/120825 | ||
| 942 |
_2lcc _cLIBRO |
||
| 999 |
_c213712 _d213712 |
||